000 00250nam a2200109Ia 4500
008 220805s9999 xx 000 0 und d
041 _aeng
082 _a1.642
100 _aSarika Karade
_987513
260 _bMarg pub
245 _aMS-CIT complete Guide
999 _c48159
_d48159